000 00252nam a22001217a 4500
008 170220b xxu||||| |||| 00| 0 eng d
041 _aeng
080 _a615
100 _a5
101 _aSHF
245 _aDRUGS OF CHOICE
_cABRAMOWICZ
942 _2udc
_cBK
999 _c5813
_d5813